What has happend to planning?
Úvahy o postavení plánovania v súčasnosti. Plánovač ako súčasť administratívneho aparátu v rozvoji krajiny. Rozsah plánovania, plánovanie a politika a účasť občana na politickom živote. Postavenie plánovača pri prognózovaní hospodárskeho rozvoja. Problémy dosiahnutia jednotnej vízie budúcich trendov...
Gespeichert in:
| 1. Verfasser: | |
|---|---|
| Format: | Buchkapitel |
| Sprache: | Englisch |
| Schlagworte: | |
| Tags: |
Keine Tags, Fügen Sie das erste Tag hinzu!
|
MARC
| LEADER | 00000naa a2200000 4500 | ||
|---|---|---|---|
| 001 | r009076 | ||
| 005 | 20220913122507.4 | ||
| 041 | 0 | |a eng | |
| 044 | |a US | ||
| 245 | 1 | 0 | |a What has happend to planning? |c J.M. Levy |
| 520 | |a Úvahy o postavení plánovania v súčasnosti. Plánovač ako súčasť administratívneho aparátu v rozvoji krajiny. Rozsah plánovania, plánovanie a politika a účasť občana na politickom živote. Postavenie plánovača pri prognózovaní hospodárskeho rozvoja. Problémy dosiahnutia jednotnej vízie budúcich trendov. | ||
| 610 | 2 | 0 | |a plánovanie |
| 610 | 2 | 0 | |a prognózovanie |
| 610 | 2 | 0 | |a rozvoj hospodársky |
| 610 | 2 | 0 | |a politika |
| 100 | 1 | |a Levy, J.M. | |